BIBLIOTECA PODER JUDICIAL
Portal Judicial TDF

Efectos patrimoniales del matrimonio y de las uniones convivenciales : (Registro nro. 5779)

000 -LEADER
fixed length control field 01080nab a22002177a 4500
003 - CONTROL NUMBER IDENTIFIER
control field OSt
005 - DATE AND TIME OF LATEST TRANSACTION
control field 20260106130424.0
008 - FIXED-LENGTH DATA ELEMENTS--GENERAL INFORMATION
fixed length control field 190514b xxu||||| |||| 00| 0 spa d
040 ## - CATALOGING SOURCE
Transcribing agency PJ
100 ## - MAIN ENTRY--PERSONAL NAME
9 (RLIN) 6690
Personal name Iud, Carolina D.
245 13 - TITLE STATEMENT
Title Efectos patrimoniales del matrimonio y de las uniones convivenciales :
Remainder of title una mirada desde el derecho internacional privado /
Statement of responsibility, etc Carolina D. Iud, Nieve Rubaja.
300 ## - PHYSICAL DESCRIPTION
Extent p. 43-61
505 ## - FORMATTED CONTENTS NOTE
Formatted contents note Sumario: I. Introducción.— II. Jurisdicción internacional.— III. Derecho aplicable.— IV. Desafíos a futuro.— V. Síntesis. Fundamento normativo del sistema de derecho internacional privado argentino (fuente internacional y fuente interna).
505 ## - FORMATTED CONTENTS NOTE
Title Si te interesa el texto, comunicate a koha@justierradelfuego.gov.ar
650 #0 - SUBJECT ADDED ENTRY--TOPICAL TERM
9 (RLIN) 967
Topical term or geographic name as entry element DERECHO DE FAMILIA
650 #0 - SUBJECT ADDED ENTRY--TOPICAL TERM
Topical term or geographic name as entry element UNIONES CONVIVENCIALES
9 (RLIN) 1053
650 #0 - SUBJECT ADDED ENTRY--TOPICAL TERM
Topical term or geographic name as entry element DERECHO INTERNACIONAL PRIVADO
9 (RLIN) 327
700 ## - ADDED ENTRY--PERSONAL NAME
9 (RLIN) 4324
Personal name Rubaja, Nieve
Función coautor
773 0# - HOST ITEM ENTRY
Host Biblionumber 2844
Host Itemnumber 3222
Place, publisher, and date of publication Buenos Aires : AbeledoPerrot, 1989-
Title Derecho de familia. N° 115 - Julio 2024
International Standard Book Number 18511201
942 ## - ADDED ENTRY ELEMENTS (KOHA)
Source of classification or shelving scheme
Koha item type Analítica Artículo de Revista

No hay ítems disponibles.

12 de Octubre 789 Ushuaia - Tel:  54(02901)441571
Horario de Atención: 8.00 a 17.00 hs. 
bibliotecaush@justierradelfuego.gov.ar
koha@justierradelfuego.gov.ar
Seguinos en nuestras redes @bibliojustdf 

Con tecnología Koha